[Event "KO"]
[Site "Cap d'Agde FRA"]
[Date "2006.10.30"]
[Round "1.1"]
[White "Karjakin,Sergey"]
[Black "Zhao Xue"]
[Result "1-0"]
[WhiteElo "2672"]
[BlackElo "2467"]
[EventDate "2006.10.30"]

1. e4 e5 2. Nf3 Nc6 3. Bb5 a6 4. Ba4 Nf6 5. O-O Be7 6. Re1 b5 7. Bb3 d6 8.
c3 O-O 9. h3 Nb8 10. d4 Nbd7 11. Nbd2 Bb7 12. Bc2 c5 13. d5 c4 14. Nf1 Qc7
15. g4 Rfb8 16. Ng3 a5 17. g5 Ne8 18. Nh2 Bc8 19. Ng4 Nc5 20. Nf5 Bf8 21.
a3 Ra7 22. Bd2 Qd8 23. Qf3 Kh8 24. h4 g6 25. Nfh6 Qe7 26. Kg2 Bxh6 27. Nxh6
Ng7 28. Qf6 Qxf6 29. gxf6 Nh5 30. Bg5 Ba6 31. Bd1 Nd3 32. Bxh5 Nxe1+ 33.
Rxe1 gxh5 34. Rg1 Rf8 35. Kh2 Bc8 36. Be3 Rb7 37. Rg7 Bg4 38. Kg3 Bc8 39.
f4 a4 40. fxe5 dxe5 41. Bc5 Re8 42. Kf2 Bg4 43. Nxf7+ Rxf7 44. Rxf7 1-0

[Event "KO"]
[Site "Cap d'Agde FRA"]
[Date "2006.10.30"]
[Round "1.4"]
[White "Zhao Xue"]
[Black "Karjakin,Sergey"]
[Result "1/2-1/2"]
[WhiteElo "2467"]
[BlackElo "2672"]
[EventDate "2006.10.30"]

1. d4 Nf6 2. c4 e6 3. Nc3 Bb4 4. Qc2 O-O 5. a3 Bxc3+ 6. Qxc3 b6 7. Nf3 Bb7
8. e3 a5 9. b3 d6 10. Be2 Nbd7 11. O-O Ne4 12. Qc2 f5 13. Bb2 Rf6 14. d5
Rg6 15. Nd4 Qg5 16. g3 Nf8 17. Rad1 Re8 18. Bf3 Nf6 19. Bg2 Qh5 20. dxe6
Bxg2 21. Kxg2 Ne4 22. f3 Ng5 23. Qxf5 Rf6 24. Qd5 Qh3+ 25. Kg1 Ngxe6 26.
Nxe6 Rfxe6 27. Rd4 Qh6 28. Re1 Kh8 29. Rh4 Rxe3 30. Rxh6 Rxe1+ 31. Kg2
R1e2+ 32. Kh3 Rxb2 33. Qf7 Rbe2 34. Rh4 R2e7 35. Qf5 h6 36. Rd4 Nh7 37. Rd2
Rf8 38. Qd3 Rxf3 39. Qd5 Rf8 40. Kg2 Nf6 41. Qf3 Rfe8 42. b4 axb4 43. axb4
Re4 44. Qc3 Re3 45. Qc2 R3e4 46. Rf2 R4e6 47. h3 R8e7 48. c5 bxc5 49. bxc5
dxc5 50. Qxc5 c6 51. Qb6 Re8 52. Qc7 Nd5 53. Qd7 Kh7 54. Kh2 Nf6 55. Qb7
Re2 56. Kg2 Rxf2+ 57. Kxf2 c5 58. Qc7 Re6 59. Kf3 Ra6 60. Qxc5 Ra8 61. Qc7
Ra3+ 62. Kg2 Ra2+ 63. Kf1 Ra1+ 64. Ke2 Ra2+ 65. Kd1 Ra8 66. Ke2 Re8+ 67.
Kd2 Kh8 68. Qf7 Rd8+ 69. Ke2 Rd7 70. Qf8+ Kh7 71. g4 Rd5 72. Qf7 Re5+ 73.
Kf3 Rd5 74. Qe6 Rd3+ 75. Kg2 Rd2+ 76. Kf1 Rd5 77. h4 Ra5 78. Kf2 Rb5 79.
Qc8 Rb2+ 80. Ke3 Rb3+ 81. Kd2 Rg3 82. Qf5+ Kh8 83. g5 hxg5 84. hxg5 Rxg5
85. Qh3+ Rh5 86. Qc8+ Kh7 87. Qc2+ Kh8 1/2-1/2

[Event "KO"]
[Site "Cap d'Agde FRA"]
[Date "2006.10.31"]
[Round "1.1"]
[White "Volokitin,And"]
[Black "Harikrishna,P"]
[Result "1/2-1/2"]
[WhiteElo "2645"]
[BlackElo "2674"]
[EventDate "2006.10.31"]

1. e4 c5 2. Nf3 d6 3. d4 cxd4 4. Nxd4 Nf6 5. Nc3 a6 6. Be2 e5 7. Nb3 Be7 8.
O-O O-O 9. a4 b6 10. Bg5 Be6 11. Bxf6 Bxf6 12. Nd5 Bg5 13. Bc4 Nd7 14. Qd3
Qc8 15. Nd2 Kh8 16. Nf3 Bh6 17. Ba2 Nc5 18. Qe2 Qb7 19. Nc3 f5 20. Bxe6
Nxe6 21. exf5 Rxf5 22. Qe4 Qxe4 23. Nxe4 d5 24. Nd6 Rf6 25. Nxe5 Bf4 26.
Ndf7+ Kg8 27. g3 Rxf7 28. Nxf7 Bc7 29. Rad1 Kxf7 30. Rxd5 Rd8 31. Rfd1 Ke7
32. Kg2 Be5 33. Rxd8 Nxd8 34. c3 Nb7 35. f4 Bf6 36. h4 Nc5 37. g4 g6 38. g5
Bg7 39. a5 bxa5 40. Rd5 Nb7 41. f5 gxf5 42. Rxf5 Ke6 43. Rf4 Nc5 44. Kf3
Be5 45. Rf8 Na4 46. Ra8 Nxb2 47. Rxa6+ Kf7 48. Rxa5 Bxc3 49. Ra7+ Kg6 50.
Ra6+ Kf5 51. Rh6 Bg7 52. Rxh7 Kg6 53. Rxg7+ Kxg7 54. h5 Nc4 55. g6 Ne5+
1/2-1/2

[Event "KO"]
[Site "Cap d'Agde FRA"]
[Date "2006.10.31"]
[Round "1.2"]
[White "Harikrishna,P"]
[Black "Volokitin,And"]
[WhiteElo "2674"]
[BlackElo "2645"]
[Result "1/2-1/2"]
[EventDate "2006.10.31"]

1. d4 Nf6 2. c4 d6 3. Nc3 g6 4. Bg5 Bg7 5. e3 c5 6. d5 b5 7. cxb5 a6 8. Nf3
O-O 9. a4 Qa5 10. Nd2 h6 11. Bxf6 Bxf6 12. Ra3 Nd7 13. Be2 Nb6 14. O-O Bb7
15. e4 axb5 16. Bxb5 Ba6 17. Qc2 Bxc3 18. Rxc3 Bxb5 19. axb5 Qxb5 20. h4 h5
21. Rb3 Qa4 22. Qc3 Rfb8 23. Ra3 Qb5 24. Rfa1 Rxa3 25. Rxa3 Na4 26. Qe3
Nxb2 27. Rb3 Qe8 28. e5 dxe5 29. Qxe5 Rxb3 30. Nxb3 Nd3 31. Qe4 Qb5 32. Nd2
Kf8 33. g3 Qa6 34. Kg2 Nb4 35. Nc4 Qb7 36. Ne3 Qd7 37. Qe5 Kg8 38. Qb8+ Kh7
39. Qf8 e6 40. dxe6 Qxe6 41. Qxc5 Qc6+ 1/2-1/2

[Event "KO"]
[Site "Cap d'Agde FRA"]
[Date "2006.10.31"]
[Round "1.3"]
[White "Volokitin,A"]
[Black "Harikrishna,P"]
[WhiteElo "2645"]
[BlackElo "2674"]
[Result "1-0"]
[EventDate "2006.10.31"]

1. e4 c5 2. Nf3 d6 3. d4 cxd4 4. Nxd4 Nf6 5. Nc3 a6 6. f4 e5 7. Nf3 Nbd7 8.
g4 Nxg4 9. Bc4 Nb6 10. Bb3 Be7 11. Ng5 O-O 12. f5 Nf6 13. a4 h6 14. h4 d5
15. a5 d4 16. axb6 dxc3 17. Qf3 Bb4 18. bxc3 Qd4 19. Bd2 Qxb6 20. cxb4 Bd7
21. O-O-O a5 22. bxa5 Qc5 23. Rdg1 Bc6 24. Nxf7 Rxf7 25. Bxh6 Qa3+ 26. Kb1
Kf8 27. Rxg7 Rxg7 28. Qg3 Qe7 29. Rg1 Ne8 30. Qg6 1-0

[Event "KO"]
[Site "Cap d'Agde FRA"]
[Date "2006.10.31"]
[Round "1.4"]
[White "Harikrishna,P"]
[Black "Volokitin,And"]
[WhiteElo "2674"]
[BlackElo "2645"]
[Result "1-0"]
[EventDate "2006.10.31"]

1. e4 c5 2. Nf3 d6 3. d4 cxd4 4. Nxd4 Nf6 5. Nc3 a6 6. Be3 e5 7. Nb3 Be6 8.
f3 Be7 9. Qd2 O-O 10. O-O-O Nbd7 11. g4 b5 12. g5 b4 13. Ne2 Ne8 14. f4 a5
15. f5 a4 16. Nbd4 exd4 17. Nxd4 b3 18. Kb1 bxc2+ 19. Nxc2 Bb3 20. axb3
axb3 21. Na3 d5 22. Qxd5 Bxa3 23. Qxd7 Qa5 24. Qb5 Qc7 25. Qc4 Qa5 26. Qxb3
Bxb2 27. Qxb2 Qc7 28. Bb5 Rb8 29. Rd5 Qe7 30. e5 Nc7 31. Rd7 Nxb5 32. Rxe7
Na3+ 33. Ka2 Rxb2+ 34. Kxb2 Nc4+ 35. Kb3 Nxe3 36. f6 Rb8+ 37. Ka4 Nd5 38.
Ra7 Nb6+ 39. Ka3 Nc4+ 40. Ka2 Nxe5 41. Rb1 Rf8 42. Rb3 h6 43. fxg7 Kxg7 44.
gxh6+ Kxh6 45. Kb2 Rd8 46. Kc2 Rc8+ 47. Rc3 Rd8 48. Ra5 f6 49. Rg3 Rc8+ 50.
Kd1 Rd8+ 51. Ke2 Re8 52. Ra4 Ng6+ 53. Kf2 Re5 54. Rag4 Rf5+ 55. Ke3 Rg5 56.
Rxg5 fxg5 57. Ke4 Nh4 58. Ke5 Kg6 59. Ke6 Nf5 60. Rd3 g4 61. Ke5 Kg5 62.
Ke4 Nh4 63. Rd5+ Kf6 64. Kf4 Nf3 65. h3 Ke6 66. Rd1 Ne5 67. hxg4 Ng6+ 68.
Kg5 Ne5 69. Re1 Kd6 70. Rxe5 Kxe5 71. Kh6 1-0

[Event "KO"]
[Site "Cap d'Agde FRA"]
[Date "2006.10.31"]
[Round "1.5"]
[White "Volokitin,And"]
[Black "Harikrishna,P"]
[WhiteElo "2645"]
[BlackElo "2674"]
[Result "1-0"]
[EventDate "2006.10.31"]

1. e4 c5 2. Nf3 d6 3. d4 cxd4 4. Nxd4 Nf6 5. Nc3 a6 6. Bc4 e6 7. Bb3 b5 8.
Qf3 Qc7 9. Bg5 Be7 10. Bxf6 Bxf6 11. O-O-O Bb7 12. Ndxb5 axb5 13. Nxb5 Qc6
14. Nxd6+ Ke7 15. Qg3 Nd7 16. f4 Nc5 17. e5 Nxb3+ 18. Qxb3 Rhb8 19. exf6+
gxf6 20. Qb4 Ba6 21. Nf5+ 1-0

[Event "KO"]
[Site "Cap d'Agde FRA"]
[Date "2006.10.31"]
[Round "1.7"]
[White "Volokitin,And"]
[Black "Harikrishna,P"]
[WhiteElo "2645"]
[BlackElo "2674"]
[Result "1-0"]
[EventDate "2006.10.31"]

1. e4 c5 2. Nf3 d6 3. d4 cxd4 4. Nxd4 Nf6 5. Nc3 a6 6. Bc4 e6 7. Bb3 b5 8.
Qf3 Qc7 9. Bg5 Be7 10. Bxf6 Bxf6 11. O-O-O O-O 12. e5 dxe5 13. Nxe6 Bxe6
14. Qxa8 Bxb3 15. axb3 Nc6 16. Nd5 Bg5+ 17. Kb1 Qd6 18. Qxa6 Qc5 19. Qb6
1-0